| 000 | 00756nam a2200217Ia 4500 | ||
|---|---|---|---|
| 003 | GCL | ||
| 008 | 140319s9999 xx 000 0 ara d | ||
| 040 |
_aGCL / _cGCL |
||
| 082 | 0 | 4 |
_a822 _bك ا |
| 100 | 1 | _aسامى فهمى القليوبى (مترجم) | |
| 245 | 1 | 0 |
_aادب الولايات المتحدة الامريكية / _cسامى فهمى القليوبى (مترجم) |
| 700 | 1 | _aلويس مرقص | |
| 700 | 1 | _aكنليف, ماركوس | |
| 260 |
_aالقاهرة : _bمؤسسة سجل العرب ، _c1965 |
||
| 300 |
_a677 ص ؛ _c25 سم |
||
| 490 |
_aالالف كتاب _v0 |
||
| 650 | 0 | 4 | _aالشعر الامريكى |
| 650 | 0 | 4 | _aتاريخ ونقد |
| 650 | 0 | 4 | _aالادب الامريكى المترجم |
| 942 |
_2ddc _cBK |
||
| 999 |
_c35115 _d35115 |
||